On uniform stability of the charateristic spectrum for sequences of linear differntial equation system = Sự ổn định đều của phổ đặc trưng của dãy hệ phương trình vi phân tuyến tính /
Đã lưu trong:
| Tác giả chính: | |
|---|---|
| Tác giả khác: | |
| Định dạng: | Bài viết |
| Ngôn ngữ: | Vietnamese |
| Những chủ đề: | |
| Các nhãn: |
Thêm thẻ
Không có thẻ, Là người đầu tiên thẻ bản ghi này!
|
| Thư viện lưu trữ: | Thư viện Trường Đại học Đà Lạt |
|---|
| LEADER | 00973nam a2200277 4500 | ||
|---|---|---|---|
| 001 | DLU120144659 | ||
| 005 | ##20121212 | ||
| 040 | # | # | |a DLU |b vie |
| 041 | # | # | |a vie |
| 044 | # | # | |a vn |
| 100 | # | # | |a Nguyen The Hoan. |
| 245 | # | # | |a On uniform stability of the charateristic spectrum for sequences of linear differntial equation system = |b Sự ổn định đều của phổ đặc trưng của dãy hệ phương trình vi phân tuyến tính / |c Nguyen The Hoan, Dao Thi Lien. |
| 653 | # | # | |a Điều kiện ổn định |
| 653 | # | # | |a Phương trình vi phân |
| 653 | # | # | |a Tuyến tính |
| 700 | # | # | |a Dao Thi Lien. |
| 773 | # | # | |t Tạp chí Khoa học tự nhiên |g Số 5, 1999, tr. 28-35 |
| 920 | # | # | |a Phòng Tạp chí -- Trung tâm Thông tin - Thư viện Trường Đại học Đà Lạt |
| 994 | # | # | |a DLU |
| 900 | # | # | |a True |
| 911 | # | # | |a Nguyễn Thị Linh Chi |
| 925 | # | # | |a G |
| 926 | # | # | |a A |
| 927 | # | # | |a BB |
| 980 | # | # | |a Thư viện Trường Đại học Đà Lạt |